Variability of Corynespora cassiicola in pathogenicity toxin production, response to fungicides and molecular aspects (Record no. 52544)

MARC details
000 -LEADER
fixed length control field 00699nam a2200193Ia 4500
100 ## - MAIN ENTRY--AUTHOR NAME
Personal name Joseph A.
245 #0 - TITLE STATEMENT
Title Variability of Corynespora cassiicola in pathogenicity toxin production, response to fungicides and molecular aspects
260 ## - PUBLICATION, DISTRIBUTION, ETC. (IMPRINT)
Name of publisher National Symposium on Crop Surveillance: Disease Forecasting and Management, 19-21 February 2004, Division of Plant Pathology, New Delhi, India, pp.20.
Year of publication 2004
650 ## - SUBJECT ADDED ENTRY--TOPICAL TERM
Topical Term Corynespora cassiicola
650 ## - SUBJECT ADDED ENTRY--TOPICAL TERM
Topical Term Fungicide
650 ## - SUBJECT ADDED ENTRY--TOPICAL TERM
Topical Term Pathogenicity
650 ## - SUBJECT ADDED ENTRY--TOPICAL TERM
Topical Term Toxin production
700 ## - ADDED ENTRY--PERSONAL NAME
Personal name George J.
700 ## - ADDED ENTRY--PERSONAL NAME
Personal name Jacob C.K.
700 ## - ADDED ENTRY--PERSONAL NAME
Personal name Philip S.
700 ## - ADDED ENTRY--PERSONAL NAME
Personal name Zachariah C.A.
942 ## - ADDED ENTRY ELEMENTS (KOHA)
Koha item type Bibliography STAF
Holdings
Withdrawn status Lost status Damaged status Not for loan Home library Current library Date acquired Koha item type
      Bibliography RRII Library RRII Library 09/04/2014 Bibliography STAF